Business today (Record no. 14340)

MARC details
000 -LEADER
fixed length control field 00652nam a22001937a 4500
003 - CONTROL NUMBER IDENTIFIER
control field URS
005 - DATE AND TIME OF LATEST TRANSACTION
control field 20220114171628.0
008 - FIXED-LENGTH DATA ELEMENTS--GENERAL INFORMATION
fixed length control field 170324b xxu||||| |||| 00| 0 eng d
050 ## - LIBRARY OF CONGRESS CALL NUMBER
Classification number HF5351
Item number M376 1999
100 ## - MAIN ENTRY--PERSONAL NAME
Personal name Mescon, Michael H.
Relator code author
245 ## - TITLE STATEMENT
Title Business today
Statement of responsibility, etc. David J. Rachman, Courtlan L. Bovee, John V. Thill, Author
250 ## - EDITION STATEMENT
Edition statement Ninth Edition
260 ## - PUBLICATION, DISTRIBUTION, ETC.
Place of publication, distribution, etc. New Jersey:
Name of publisher, distributor, etc. Prentice Hall,
Date of publication, distribution, etc. 1999
300 ## - PHYSICAL DESCRIPTION
Extent Various paging;
Dimensions 26 cm.
500 ## - GENERAL NOTE
General note Revised Edition of: Business Today /David R. Rachman... [et.al.] Eighth Edition, 1996.
700 ## - ADDED ENTRY--PERSONAL NAME
Relator code author
Personal name Bovee, Courtland L.
700 ## - ADDED ENTRY--PERSONAL NAME
Relator code author
Personal name Thill, John V.
942 ## - ADDED ENTRY ELEMENTS (KOHA)
Koha item type Foreign Books
Source of classification or shelving scheme Library of Congress Classification
Holdings
Withdrawn status Source of classification or shelving scheme Damaged status Not for loan Collection code Home library Current library Shelving location Date acquired Total Checkouts Full call number Barcode Date last seen Price effective from Koha item type
  Library of Congress Classification     Non-fiction Binangonan College Library Binangonan College Library Foreign Section 06/07/2023   HF5351 M376 1999 URSBIN-01026 03/14/2016 03/14/2016 Foreign Books

University of Rizal System
Email us at univlibservices@urs.edu.ph

Visit our Website www.urs.edu.ph/library